[Event "Ostsjaellands EMT 2008"]
[Site "Faxe"]
[Date "2008.05.21"]
[Round "7"]
[White "Nielsen, Harald"]
[Black "Nielsen, Poul Erik2"]
[Result "1-0"]
[WhiteElo "1444"]
[BlackElo "1255"]
[PlyCount "79"]
[EventDate "2008.03.26"]

1. e4 c5 2. a4 b6 3. Bc4 e6 4. Nf3 Bb7 5. d3 Be7 6. O-O Nc6 7. c3 Qc7 8. Re1
O-O-O 9. Qe2 Ne5 10. Nxe5 Qxe5 11. f4 Qc7 12. Na3 a6 13. d4 d5 14. Bxa6 dxe4
15. Bxb7+ Qxb7 16. Qxe4 Qxe4 17. Rxe4 cxd4 18. Rxd4 Bc5 19. Be3 Bxd4 20. Bxd4
Rxd4 21. cxd4 Nf6 22. Rc1+ Kb7 23. Nb5 Nd5 24. g3 Rb8 25. Kf2 f5 26. Rc4 h5 27.
Nc3 Rc8 28. Rxc8 Kxc8 29. Nxd5 exd5 30. Ke3 Kc7 31. b4 Kd6 32. Kf3 g6 33. h3
Ke6 34. Ke3 Kd6 35. Kd3 Kc7 36. b5 Kd6 37. Kc3 Kc7 38. h4 Kb7 39. Kb4 Kc7 40.
a5 1-0

[Event "Ostsjaellands EMT 2008"]
[Site "Faxe"]
[Date "2008.05.21"]
[Round "7"]
[White "Joost, Kjeld"]
[Black "Andersen, Hans Poul"]
[Result "1/2-1/2"]
[WhiteElo "1419"]
[BlackElo "1280"]
[PlyCount "66"]
[EventDate "2008.03.26"]

1. e4 e5 2. Nf3 d6 3. Nc3 Nf6 4. d4 Be7 5. dxe5 dxe5 6. Qxd8+ Bxd8 7. Nxe5 O-O
8. Bc4 c6 9. a4 Ba5 10. O-O Bxc3 11. bxc3 Nxe4 12. Ba3 Be6 13. Bxe6 fxe6 14.
Bxf8 Kxf8 15. Rad1 Ke7 16. Rd3 Nc5 17. Rd4 Nbd7 18. Nf3 Rf8 19. Re1 Rf5 20. Rc4
g5 21. Nd4 Rf6 22. Re3 h5 23. Rf3 Rg6 24. Re3 Rf6 25. Nf3 Rf5 26. h3 h4 27. Kh2
Kf6 28. Nd4 Rxf2 29. Rf3+ Rxf3 30. Nxf3 e5 31. g4 Ne6 32. a5 a6 33. Nd2 Ndc5
1/2-1/2

[Event "Ostsjaellands EMT 2008"]
[Site "Faxe"]
[Date "2008.05.21"]
[Round "7"]
[White "Jepsen, Finn"]
[Black "Christoffersen, Ib"]
[Result "0-1"]
[WhiteElo "1183"]
[BlackElo "1353"]
[PlyCount "144"]
[EventDate "2008.03.26"]

1. Nf3 d5 2. e3 a6 3. b3 Nc6 4. Bb2 Bf5 5. Be2 Nb4 6. d3 Nf6 7. a3 Nc6 8. Nbd2
e6 9. O-O Bd6 10. g3 Bg4 11. Ng5 Bxe2 12. Qxe2 Be7 13. Ngf3 Qd7 14. c4 O-O-O
15. b4 e5 16. Nxe5 Nxe5 17. Bxe5 dxc4 18. d4 c3 19. Nb3 Nd5 20. e4 Nf6 21. d5
Bd6 22. Bxc3 Rhe8 23. f3 Nxd5 24. Qb2 Nxc3 25. Qxc3 Be5 26. Qc2 Bxa1 27. Rxa1
b6 28. a4 Re6 29. a5 Rc6 30. Qe2 b5 31. Rb1 Qd6 32. Nc5 Qd4+ 33. Kf1 Qc3 34. f4
Rcd6 35. e5 Rd2 36. Qg4+ Kb8 37. Re1 Qc4+ 38. Re2 Rd1+ 39. Kg2 g6 40. Kh3 Ka7
41. e6 h5 42. Qf3 Qd5 43. Qxd5 R1xd5 44. exf7 Rf8 45. Re7 Rxc5 46. bxc5 Kb7 47.
Re6 Rxf7 48. c6+ Ka7 49. Rxg6 b4 50. Re6 Rf5 51. Re5 Rf6 52. Re3 Rxc6 53. Rb3
Rc4 54. f5 c5 55. f6 Rd4 56. Re3 Rd6 57. Re7+ Kb8 58. f7 Rf6 59. Re8+ Kc7 60.
f8=Q Rxf8 61. Rxf8 b3 62. Rf2 c4 63. Rb2 Kd6 64. Kg2 Kc5 65. Kf2 Kb4 66. Ke2
Kc3 67. Rb1 b2 68. h3 Kc2 69. Rf1 c3 70. g4 hxg4 71. hxg4 b1=Q 72. Rxb1 Kxb1
0-1

[Event "Ostsjaellands EMT 2008"]
[Site "Faxe"]
[Date "2008.05.21"]
[Round "7"]
[White "Hansen, Arne Mandrup"]
[Black "Jakobsen, Henning"]
[Result "1-0"]
[WhiteElo "1307"]
[BlackElo "1246"]
[PlyCount "90"]
[EventDate "2008.03.26"]

1. d4 Nf6 2. Bf4 d6 3. e3 g6 4. c4 Bg7 5. Nc3 O-O 6. Nf3 Bg4 7. Be2 Nfd7 8. h3
Bxf3 9. Bxf3 c6 10. Bh2 e5 11. O-O f5 12. Be2 Qe7 13. Qd2 Nf6 14. Rad1 Nbd7 15.
Qc2 Nh5 16. Bxh5 gxh5 17. b4 f4 18. exf4 exf4 19. f3 Rae8 20. Qd2 Qg5 21. Kh1
h6 22. Ne4 Qe7 23. Bxf4 Qe6 24. Bxd6 Rf7 25. d5 cxd5 26. cxd5 Qg6 27. Bf4 Ne5
28. d6 Nc4 29. Qc1 Ne5 30. d7 Rd8 31. Rd6 Qf5 32. Bxh6 Rfxd7 33. Rxd7 Rxd7 34.
Bxg7 Rxg7 35. Qd2 Qg6 36. Qd8+ Kh7 37. Nf6+ Kh6 38. Re1 Nd3 39. Re3 Nf4 40.
Qh8+ Kg5 41. Ne4+ Kh4 42. Qd8+ Qg5 43. Nxg5 Rxg5 44. Re4 Kg3 45. Qxg5+ Kf2 1-0

[Event "Ostsjaellands EMT 2008"]
[Site "Faxe"]
[Date "2008.05.21"]
[Round "7"]
[White "Lillebro, Verner"]
[Black "Eriksen, Knud Ejler"]
[Result "0-1"]
[WhiteElo "1294"]
[BlackElo "1158"]
[PlyCount "102"]
[EventDate "2008.03.26"]

1. e4 e5 2. Nf3 d6 3. Bc4 h6 4. Nc3 Nf6 5. d4 exd4 6. Nxd4 Bg4 7. f3 Bh5 8. g4
Bg6 9. Qe2 Be7 10. Bd2 Nbd7 11. f4 Nb6 12. f5 Bh7 13. O-O-O Qd7 14. Bb5 c6 15.
Bc4 Bg8 16. h3 O-O-O 17. Bf4 Ne8 18. Nb3 Nxc4 19. Qxc4 f6 20. Qa4 Kb8 21. Nc5
Qc8 22. Rd4 Ka8 23. Nb3 Rd7 24. Be3 Bxb3 25. Qxb3 Bd8 26. Ra4 b5 27. Nxb5 cxb5
28. Qd5+ Kb8 29. Qxb5+ Bb6 30. Bxb6 axb6 31. Qxb6+ Qb7 32. Qd4 Kc8 33. Rd1 Kd8
34. Rb4 Qa8 35. a4 Ke7 36. Rd3 Nc7 37. Qb6 Rhd8 38. a5 Na6 39. Rbd4 Nc5 40. Qb4
Nxd3+ 41. cxd3 Ra7 42. Rd5 Rb7 43. Qa3 Rc7+ 44. Kd2 Qc8 45. Qa4 Rb7 46. b4 Qc7
47. b5 Rc8 48. b6 Qc1+ 49. Ke2 Rc2+ 50. Kf3 Qf1+ 51. Ke3 Qf2# 0-1

[Event "Ostsjaellands EMT 2008"]
[Site "Faxe"]
[Date "2008.05.21"]
[Round "7"]
[White "Toftvang, Ove"]
[Black "Olsen, Michael2"]
[Result "0-1"]
[WhiteElo "1253"]
[BlackElo "1251"]
[PlyCount "128"]
[EventDate "2008.03.26"]

1. g3 e5 2. c4 Nc6 3. Bg2 d6 4. e3 Nf6 5. h3 d5 6. cxd5 Nxd5 7. a3 b6 8. Qc2
Bb7 9. Ne2 Qd7 10. Nbc3 Nf6 11. O-O Be7 12. f4 Rb8 13. f5 Ba6 14. b4 Bd3 15.
Bxc6 Qxc6 16. Qxd3 Rd8 17. Qb5 Qd7 18. Qxe5 O-O 19. g4 Rfe8 20. Qd4 Qc6 21. Qf4
Bd6 22. Qf3 Qc4 23. Bb2 a6 24. Rad1 Be5 25. d4 Bd6 26. g5 Nd7 27. e4 c5 28. e5
Bb8 29. f6 g6 30. Nd5 Kh8 31. h4 Nf8 32. h5 Rxd5 33. hxg6 Nxg6 34. Nf4 Nxf4 35.
Qxf4 Rg8 36. Rf2 cxb4 37. Rh2 Bxe5 38. Rxh7+ Kxh7 39. Qh4+ Kg6 40. Qh6+ Kf5 41.
Qh3+ Kxg5 42. Rf1 Bxd4+ 43. Bxd4 Qxd4+ 44. Rf2 Rg6 45. Qf3 Qd1+ 46. Rf1 Kh6+
47. Kh2 Rh5+ 48. Qxh5+ Kxh5 49. Rxd1 bxa3 50. Ra1 Rxf6 51. Rxa3 b5 52. Kg2 b4
53. Ra5+ Kg6 54. Kg3 b3 55. Ra1 Rb6 56. Rb1 a5 57. Kf3 a4 58. Ke3 a3 59. Kd2 a2
60. Kc1 b2+ 61. Kc2 axb1=Q+ 62. Kxb1 f6 63. Kc2 b1=Q+ 64. Kd2 Rb2+ 0-1

[Event "Ostsjaellands EMT 2008"]
[Site "Faxe"]
[Date "2008.05.21"]
[Round "7"]
[White "Nielsen, Johannes"]
[Black "Voigt, Keld"]
[Result "0-1"]
[WhiteElo "1005"]
[BlackElo "1202"]
[PlyCount "70"]
[EventDate "2008.03.26"]

1. e4 b6 2. c4 Bb7 3. Nc3 e5 4. Nf3 d6 5. d3 Be7 6. g3 h6 7. Bg2 Nd7 8. Be3
Ngf6 9. h3 O-O 10. Qc2 Nh7 11. O-O-O Nc5 12. Nh4 Bxh4 13. gxh4 Ne6 14. d4 exd4
15. Bxd4 Qxh4 16. Be3 f5 17. f3 f4 18. Bf2 Qf6 19. Rhe1 Qg6 20. Bf1 Qh5 21. Bg2
Nhg5 22. Rh1 Nxf3 23. Bxf3 Qxf3 24. Qe2 Qxe2 25. Nxe2 Bxe4 26. Rhe1 Ng5 27. Ng1
Bc6 28. b3 Nf3 29. Re7 Rf7 30. Rxf7 Kxf7 31. Nxf3 Bxf3 32. Rd4 g5 33. Rd3 Bc6
34. Kb2 Re8 35. Ka3 Re6 0-1